000 00767cam a22002293a 4500
001 4291
003 PGUSA
005 20140828083051.0
008 030701s2003||||xxu|||||s|||||000 | eng d
040 _aPGUSA
_beng
042 _adc
050 4 _aKF
100 1 _aLibrary of Congress. Copyright Office
245 1 0 _aCopyright Law of the United States of America and Related Laws Contained in Title 17 of the United States Code, Circular 92
_h[electronic resource] /
_cLibrary of Congress. Copyright Office
260 _bProject Gutenberg,
_c2003
506 _aPublic domain in the USA.
516 _aElectronic text
653 _aCopyright -- United States
830 0 _aProject Gutenberg
_v4291
856 4 0 _uhttp://www.gutenberg.org/ebooks/4291
942 _cEB
999 _c233620
_d233620